Nové elektroanalytické metódy na stanovenie vybraných antihistaminík
Gespeichert in:
| 1. Verfasser: | |
|---|---|
| Weitere Verfasser: | |
| Format: | Manuskript Buch |
| Sprache: | Slowakisch |
| Veröffentlicht: |
2025
|
| Schlagworte: | |
| Online-Zugang: | http://is.stuba.sk/zp/portal_zp.pl?podrobnosti=183354 |
| Tags: |
Keine Tags, Fügen Sie das erste Tag hinzu!
|
MARC
| LEADER | 00000ntm a22000003a 4500 | ||
|---|---|---|---|
| 001 | stuzp103950 | ||
| 003 | SK-STU | ||
| 005 | 20250607210419.0 | ||
| 007 | ta | ||
| 008 | 150427s2015----xo-----f-mn---000-0-slo-d | ||
| 040 | |a STU |b slo | ||
| 041 | 0 | |a slo | |
| 100 | 1 | |a Králiková, Romana |u 041000 |4 aut |U FCHPT Fakulta chemickej a potravinárskej technológie |T FCHPT Ústav analytickej chémie |X 112177 |U C1000 |Y 99 |7 112177 | |
| 242 | 0 | 1 | |a Novel electroanalytical methods for the determination of selected antihistamines |y eng |
| 245 | 1 | 0 | |a Nové elektroanalytické metódy na stanovenie vybraných antihistaminík |
| 260 | |c 2025 | ||
| 650 | 4 | |a fexofenadine |2 eng | |
| 650 | 4 | |a glassy carbon electrode |2 eng | |
| 650 | 4 | |a electroanalytical methods |2 eng | |
| 650 | 4 | |a differential pulse voltammetry |2 eng | |
| 650 | 4 | |a H1-antihistamines |2 eng | |
| 650 | 4 | |a elektroanalytické metódy |2 slo | |
| 650 | 4 | |a elektróda zo sklovitého uhlíka |2 slo | |
| 650 | 4 | |a diferenčná pulzová voltampérometria |2 slo | |
| 650 | 4 | |a H1-antihistaminiká |2 slo | |
| 650 | 4 | |a fexofenadín |2 slo | |
| 700 | 1 | |a Švorc, Ľubomír |u 041000 |k Z1 |4 ths |U FCHPT Fakulta chemickej a potravinárskej technológie |T FCHPT Ústav analytickej chémie |X 19350 |U C1000 |Y 99 |7 A000019350 | |
| 856 | 4 | |u http://is.stuba.sk/zp/portal_zp.pl?podrobnosti=183354 | |